[Event "Gatineau op U2000"]
[Site "Gatineau CAN"]
[Date "2025.04.12"]
[Round "3.25"]
[White "Sun, Jonathan"]
[Black "Auersperg, Leo"]
[Result "1-0"]
[WhiteElo "1687"]
[BlackElo "1818"]
[WhiteFideId "-1"]
[WhiteFideId "-1"]
[PlyCount "75"]
[GameId "2172345471415683"]
[EventDate "2025.04.11"]
[EventType "swiss"]
[EventRounds "5"]
[EventCountry "CAN"]

1. e4 c6 2. d4 d5 3. exd5 cxd5 4. c4 Nf6 5. Nc3 e6 6. Nf3 Be7 7. cxd5 Nxd5 8. Bd3 h6 9. a3 O-O 10. O-O Nc6 11. Re1 Nf6 12. Bc2 b6 13. Qd3 Bb7 14. Ne4 Re8 15. Nxf6+ Bxf6 16. Qh7+ Kf8 17. Bd2 a5 18. Rad1 Ne7 19. Ne5 Nf5 20. Bxf5 Ke7 21. Bh3 Qd5 22. Qd3 Rad8 23. Bc3 Kf8 24. b4 a4 25. b5 Rc8 26. f3 Red8 27. Bb4+ Kg8 28. Qe4 Qxe4 29. fxe4 Rc2 30. Nf3 Rdc8 31. d5 Kh7 32. dxe6 fxe6 33. Bxe6 R8c7 34. e5 Bg5 35. Nxg5+ hxg5 36. Bf5+ g6 37. Bxc2 Rxc2 38. Rd7+ 1-0

[Event "Gatineau op U2000"]
[Site "Gatineau CAN"]
[Date "2025.04.12"]
[Round "3.26"]
[White "Vanier, Edouard"]
[Black "Palsson, Halldor"]
[Result "1/2-1/2"]
[WhiteElo "1644"]
[BlackElo "1808"]
[WhiteFideId "-1"]
[WhiteFideId "-1"]
[PlyCount "112"]
[GameId "2172345471423876"]
[EventDate "2025.04.11"]
[EventType "swiss"]
[EventRounds "5"]
[EventCountry "CAN"]

1. d4 d5 2. c4 e6 3. Nf3 c6 4. g3 Nf6 5. Bg2 Bd6 6. O-O b6 7. Qc2 Nbd7 8. Nbd2 Bb7 9. e4 dxe4 10. Nxe4 Nxe4 11. Qxe4 Nf6 12. Qe2 O-O 13. Rd1 Qe7 14. b3 Rfe8 15. Bb2 c5 16. Rac1 Rad8 17. h4 h6 18. dxc5 Bxc5 19. Ne5 Bxg2 20. Kxg2 Qc7 21. Qf3 Rc8 22. Rd3 Ba3 23. Bxa3 Qxe5 24. Rcd1 Qc7 25. Bb2 Qc6 26. Bxf6 gxf6 27. Rd7 Qxf3+ 28. Kxf3 a5 29. Rb7 Rc6 30. Rdd7 Rf8 31. Ke4 Kg7 32. Kd4 Kg6 33. a3 h5 34. b4 axb4 35. axb4 Rfc8 36. Ke3 Rxc4 37. Rxb6 Rc2 38. Rd3 Rb2 39. Rd2 Rc3+ 40. Ke2 Rb1 41. Rd4 Rc2+ 42. Rd2 Rc4 43. Rd8 Rcxb4 44. Rxb4 Rxb4 45. Rg8+ Kh7 46. Ra8 Kg7 47. Ra5 f5 48. Kf3 Rb3+ 49. Kg2 Rb4 50. Kf3 Re4 51. Ra6 Re1 52. Ra4 Kg6 53. Ra8 e5 54. Rg8+ Kh6 55. Rh8+ Kg6 56. Rg8+ Kh6 1/2-1/2

[Event "Gatineau op U2000"]
[Site "Gatineau CAN"]
[Date "2025.04.12"]
[Round "3.27"]
[White "Martinez, Noah"]
[Black "Nazareno, Merlin"]
[Result "0-1"]
[WhiteElo "1291"]
[BlackElo "1966"]
[WhiteFideId "-1"]
[WhiteFideId "-1"]
[PlyCount "28"]
[GameId "2172345471423877"]
[EventDate "2025.04.11"]
[EventType "swiss"]
[EventRounds "5"]
[EventCountry "CAN"]

1. e4 Nc6 2. d4 d5 3. exd5 Qxd5 4. Nf3 Bg4 5. Be2 O-O-O 6. c4 Qh5 7. d5 e6 8. O-O exd5 9. h3 Nf6 10. hxg4 Nxg4 11. Bf4 dxc4 12. Nd4 f5 13. Bxc4 Nxd4 14. Qa4 Bc5 0-1

[Event "Gatineau op U2000"]
[Site "Gatineau CAN"]
[Date "2025.04.12"]
[Round "3.28"]
[White "Masse-Garneau, Anthony"]
[Black "Brassard, Sylvain"]
[Result "1-0"]
[WhiteElo "1872"]
[BlackElo "1767"]
[WhiteFideId "-1"]
[WhiteFideId "-1"]
[PlyCount "85"]
[GameId "2172345471423878"]
[EventDate "2025.04.11"]
[EventType "swiss"]
[EventRounds "5"]
[EventCountry "CAN"]

1. d4 d5 2. c4 e6 3. Nc3 Nf6 4. Bg5 Be7 5. e3 O-O 6. Nf3 b6 7. cxd5 exd5 8. Be2 Bb7 9. O-O Nbd7 10. Rc1 c5 11. Bb5 c4 12. Ne5 Nb8 13. Qf3 a6 14. Bxc4 b5 15. Bd3 b4 16. Nb1 Ne4 17. Bxe7 Qxe7 18. Bxe4 dxe4 19. Qg3 a5 20. Nd2 f6 21. Nec4 Rd8 22. Nb6 Ra7 23. Rc7 Qf8 24. Rfc1 Na6 25. R7c2 b3 26. Nxb3 Qb4 27. Nc4 a4 28. Nbd2 Bd5 29. Qg4 Qe7 30. a3 Rc7 31. Na5 Rxc2 32. Rxc2 Be6 33. Qe2 Nb8 34. Nc6 Nxc6 35. Rxc6 Bd5 36. Rc1 Qb7 37. Nb1 Rb8 38. Nc3 Bc6 39. Qc4+ Kh8 40. Rc2 Qd7 41. h3 Rc8 42. Nxa4 Bb7 43. Nc5 1-0

[Event "Gatineau op U2000"]
[Site "Gatineau CAN"]
[Date "2025.04.12"]
[Round "3.29"]
[White "Thompson, Francis"]
[Black "Yergeau, Simon"]
[Result "1/2-1/2"]
[WhiteElo "1791"]
[BlackElo "1676"]
[WhiteFideId "-1"]
[WhiteFideId "-1"]
[PlyCount "78"]
[GameId "2172345471423879"]
[EventDate "2025.04.11"]
[EventType "swiss"]
[EventRounds "5"]
[EventCountry "CAN"]

1. c4 c6 2. Nf3 d5 3. e3 Nf6 4. Nc3 e6 5. b3 Be7 6. Bb2 O-O 7. Be2 Nbd7 8. d4 dxc4 9. bxc4 Qa5 10. O-O Rd8 11. Qc2 Nf8 12. Ne5 Ng6 13. f4 c5 14. Rad1 cxd4 15. exd4 Bd7 16. Bf3 Rab8 17. g3 Ne8 18. Kg2 Nd6 19. Ne4 Ba4 20. Qd2 Qxd2+ 21. Rxd2 Nxe5 22. dxe5 Nxc4 23. Rxd8+ Rxd8 24. Bc1 b5 25. Nc3 Nd2 26. Bxd2 Rxd2+ 27. Rf2 Rd4 28. Nxa4 Rxa4 29. Rc2 b4 30. Bd1 Ra3 31. Rc8+ Bf8 32. Bb3 g6 33. Kf3 Ra5 34. Ke4 Rc5 35. Rxc5 Bxc5 36. h3 Kf8 37. g4 Ke7 38. f5 g5 39. fxe6 fxe6 1/2-1/2

[Event "Gatineau op U2000"]
[Site "Gatineau CAN"]
[Date "2025.04.12"]
[Round "3.30"]
[White "Guliyev, Nadir"]
[Black "Dukkardt, Vladimir"]
[Result "1-0"]
[WhiteElo "1633"]
[BlackElo "1772"]
[WhiteFideId "-1"]
[WhiteFideId "-1"]
[PlyCount "67"]
[GameId "2172345471423880"]
[EventDate "2025.04.11"]
[EventType "swiss"]
[EventRounds "5"]
[EventCountry "CAN"]

1. d4 Nf6 2. Bg5 Ne4 3. Bh4 g5 4. Bg3 h5 5. Nf3 h4 6. Be5 f6 7. d5 d6 8. Bc3 c5 9. e3 Bf5 10. Be2 Bg6 11. Nfd2 Nxc3 12. Nxc3 Nd7 13. O-O Bg7 14. f4 gxf4 15. exf4 f5 16. Nf3 Bf6 17. Ng5 Bxg5 18. fxg5 Qb6 19. Rb1 O-O-O 20. Na4 Qa5 21. c3 b5 22. Rf4 bxa4 23. Rxa4 Qc7 24. b4 c4 25. Ra6 Nb6 26. a4 Qb7 27. b5 Qxd5 28. Qf1 Bh5 29. a5 Bxe2 30. Qxe2 Qc5+ 31. Kh1 Nd5 32. Rc6+ Qxc6 33. bxc6 Nxc3 34. Qxc4 1-0

[Event "Gatineau op U2000"]
[Site "Gatineau CAN"]
[Date "2025.04.12"]
[Round "3.31"]
[White "Ng, Wai Ho"]
[Black "Tse, Chun Wing"]
[Result "1/2-1/2"]
[WhiteElo "1896"]
[BlackElo "1664"]
[WhiteFideId "-1"]
[WhiteFideId "-1"]
[PlyCount "104"]
[GameId "2172345471423881"]
[EventDate "2025.04.11"]
[EventType "swiss"]
[EventRounds "5"]
[EventCountry "CAN"]

1. d4 Nf6 2. Nf3 g6 3. g3 Bg7 4. Bg2 O-O 5. c4 d6 6. O-O c5 7. d5 b5 8. cxb5 a6 9. bxa6 Nxa6 10. Nc3 Qb6 11. e4 Ng4 12. h3 Ne5 13. Nxe5 Bxe5 14. Kh2 c4 15. Qe2 Nb4 16. Bh6 Re8 17. f4 Bh8 18. e5 Ba6 19. e6 f5 20. g4 fxg4 21. Qxg4 Qd4 22. f5 Qxg4 23. hxg4 Nd3 24. Be4 Ne5 25. Kg3 Bg7 26. Rh1 Rab8 27. Rh2 Bxh6 28. Rxh6 Kg7 29. Rah1 Rh8 30. fxg6 hxg6 31. Rxh8 Rxh8 32. Rxh8 Kxh8 33. Kf4 Kg7 34. Kg5 Nd3 35. Bxd3 cxd3 36. Kf4 g5+ 37. Ke3 Kf6 38. b4 Ke5 39. b5 Bb7 40. Kxd3 Bxd5 41. Nxd5 Kxd5 42. a4 Kxe6 43. Kd4 Kd7 44. a5 e6 45. a6 Kc7 46. a7 Kb7 47. b6 Ka8 48. Kc4 Kb7 49. Kb5 e5 50. Kc4 e4 51. Kd4 d5 52. Ke3 Ka8 1/2-1/2

[Event "Gatineau op U2000"]
[Site "Gatineau CAN"]
[Date "2025.04.12"]
[Round "3.33"]
[White "Kearnan, Daniel"]
[Black "Stelmach, Noah"]
[Result "0-1"]
[WhiteElo "1940"]
[BlackElo "1759"]
[WhiteFideId "-1"]
[WhiteFideId "-1"]
[PlyCount "106"]
[GameId "2172345471423883"]
[EventDate "2025.04.11"]
[EventType "swiss"]
[EventRounds "5"]
[EventCountry "CAN"]

1. d4 Nf6 2. Nf3 d5 3. c3 c6 4. Qc2 e6 5. Bg5 Nbd7 6. Nbd2 Be7 7. e3 O-O 8. Bd3 h6 9. h4 Qc7 10. Bf4 Bd6 11. Bxd6 Qxd6 12. O-O-O e5 13. dxe5 Nxe5 14. Nxe5 Qxe5 15. Nf3 Qe7 16. Nd4 Ne4 17. Bxe4 dxe4 18. Qe2 Be6 19. g4 c5 20. Nxe6 Qxe6 21. Kb1 Rfd8 22. g5 Kh7 23. gxh6 gxh6 24. Rhg1 Rg8 25. Qb5 Rxg1 26. Rxg1 Qd5 27. Qb3 Qxb3 28. axb3 Rd8 29. Kc2 b6 30. Rg4 f5 31. Rf4 Kg6 32. f3 Re8 33. Kd2 exf3 34. Rxf3 Re4 35. Rg3+ Rg4 36. Rh3 Rg2+ 37. Kc1 Kh5 38. Rf3 Kg6 39. Rh3 Kf6 40. Rf3 Ke5 41. Rf4 Rg4 42. Ra4 Rxa4 43. bxa4 Ke4 44. Kd2 c4 45. Ke2 f4 46. exf4 Kxf4 47. Kf2 h5 48. Ke2 Ke4 49. Kd2 Kf3 50. Kd1 Kg4 51. Ke2 Kxh4 52. Kf3 Kg5 53. Kg3 Kf5 0-1

[Event "Gatineau op U2000"]
[Site "Gatineau CAN"]
[Date "2025.04.12"]
[Round "3.34"]
[White "Radia, Anuj"]
[Black "Martin, Spencer"]
[Result "0-1"]
[WhiteElo "1673"]
[BlackElo "1898"]
[WhiteFideId "-1"]
[WhiteFideId "-1"]
[PlyCount "58"]
[GameId "2172345471423884"]
[EventDate "2025.04.11"]
[EventType "swiss"]
[EventRounds "5"]
[EventCountry "CAN"]

1. e4 e5 2. Nc3 Nf6 3. Bc4 Nxe4 4. Qh5 Nd6 5. Bb3 Nc6 6. Nb5 g6 7. Qf3 f5 8. Qd5 Qe7 9. Nxc7+ Kd8 10. Nxa8 b6 11. Nxb6 axb6 12. Qd3 Bb7 13. c3 Bg7 14. Qe3 Kc7 15. Nf3 f4 16. Qe2 e4 17. Nd4 Bxd4 18. cxd4 Nxd4 19. Qd1 Ba6 20. Qg4 Re8 21. Bd1 Nf3+ 22. Bxf3 exf3+ 23. Kd1 Qe2+ 24. Kc2 Qd3+ 25. Kd1 Qe2+ 26. Kc2 Bd3+ 27. Kb3 Qe4 28. a4 Qc4+ 29. Ka3 Nb5+ 0-1

[Event "Gatineau op U2000"]
[Site "Gatineau CAN"]
[Date "2025.04.12"]
[Round "3.35"]
[White "Knechtel, Thomas"]
[Black "Hum, Justin"]
[Result "1/2-1/2"]
[WhiteElo "1874"]
[BlackElo "1639"]
[WhiteFideId "-1"]
[WhiteFideId "-1"]
[PlyCount "140"]
[GameId "2172345471423885"]
[EventDate "2025.04.11"]
[EventType "swiss"]
[EventRounds "5"]
[EventCountry "CAN"]

1. e4 c5 2. Nf3 Nc6 3. d4 cxd4 4. Nxd4 g6 5. c4 Bg7 6. Be3 Nf6 7. Nc3 O-O 8. Be2 d6 9. O-O Bd7 10. f3 a6 11. Qd2 Rc8 12. Rfd1 Ne5 13. b3 Qa5 14. Nd5 Qd8 15. Qb4 Nxd5 16. exd5 b6 17. h3 f5 18. f4 Nf7 19. Ne6 Bxe6 20. dxe6 Bxa1 21. exf7+ Kxf7 22. Rxa1 Rb8 23. Rd1 Qc7 24. Qd2 Rfd8 25. Bf3 e6 26. Qf2 b5 27. Qh4 Kg8 28. Qf6 Qf7 29. Bd4 Qxf6 30. Bxf6 Rd7 31. Be5 bxc4 32. bxc4 Rbd8 33. Bc6 Rc7 34. Ba4 Kf7 35. Rxd6 Rxd6 36. Bxd6 Rxc4 37. Bb3 Rc6 38. Be5 h6 39. h4 Rc5 40. Kf2 Rc6 41. Bb2 Rd6 42. Ke2 Rb6 43. Be5 Rb4 44. Kd3 Re4 45. Bc4 a5 46. a4 g5 47. hxg5 hxg5 48. Bc7 gxf4 49. Bxa5 Re3+ 50. Kd4 Ra3 51. Bb5 f3 52. gxf3 Rxf3 53. Bb6 Rf4+ 54. Ke5 Rb4 55. Bc5 Rb1 56. Bd7 Re1+ 57. Kd6 Rd1+ 58. Kc6 Ra1 59. Kb6 f4 60. a5 e5 61. Bc6 Ke6 62. a6 Kf5 63. a7 e4 64. a8=Q Rxa8 65. Bxa8 f3 66. Be3 Kg4 67. Bxe4 Kg3 68. Bc5 f2 69. Bd6+ Kh3 70. Bd3 Kg2 1/2-1/2

[Event "Gatineau op U2000"]
[Site "Gatineau CAN"]
[Date "2025.04.12"]
[Round "3.36"]
[White "Savard, Alexandre"]
[Black "Audouze, Oscar"]
[Result "1/2-1/2"]
[WhiteElo "1812"]
[BlackElo "1616"]
[WhiteFideId "-1"]
[WhiteFideId "-1"]
[PlyCount "90"]
[GameId "2172345471423886"]
[EventDate "2025.04.11"]
[EventType "swiss"]
[EventRounds "5"]
[EventCountry "CAN"]

1. c4 Nf6 2. g3 c5 3. Bg2 e6 4. Nc3 Be7 5. e4 Nc6 6. Nge2 e5 7. d3 d6 8. a3 h5 9. h4 Be6 10. Nd5 Nd4 11. Nxd4 exd4 12. b4 Nxd5 13. cxd5 Bg4 14. f3 Bd7 15. bxc5 Qa5+ 16. Bd2 Qxc5 17. Bb4 Qb6 18. Rb1 a5 19. Bd2 Qc5 20. Qb3 b5 21. Bh3 Bxh3 22. Rxh3 O-O 23. Rc1 Qb6 24. Rc6 Qb7 25. Ke2 f5 26. Rh1 fxe4 27. dxe4 Rf7 28. Rhc1 Qd7 29. f4 Rd8 30. Qf3 Bf6 31. Kd3 b4 32. axb4 axb4 33. Bxb4 Rb8 34. R6c4 Rff8 35. Qxh5 Rfc8 36. Qf5 Qb5 37. Qe6+ Kh7 38. e5 Rxc4 39. Rxc4 dxe5 40. fxe5 Qa4 41. Qd6 Qd1+ 42. Ke4 Qg4+ 43. Kd3 Qd1+ 44. Ke4 Qg4+ 45. Kd3 Qd1+ 1/2-1/2

[Event "Gatineau op U2000"]
[Site "Gatineau CAN"]
[Date "2025.04.12"]
[Round "3.37"]
[White "Lagace, Tyler"]
[Black "Gauthier, Denis"]
[Result "0-1"]
[WhiteElo "1500"]
[BlackElo "1810"]
[WhiteFideId "-1"]
[WhiteFideId "-1"]
[PlyCount "104"]
[GameId "2172345471423887"]
[EventDate "2025.04.11"]
[EventType "swiss"]
[EventRounds "5"]
[EventCountry "CAN"]

1. e4 c5 2. Nf3 e6 3. c3 Nf6 4. e5 Nd5 5. d4 cxd4 6. cxd4 d6 7. Nc3 dxe5 8. Nxe5 Nc6 9. Bb5 Bd7 10. Nxc6 Bxc6 11. Bxc6+ bxc6 12. O-O Be7 13. Qa4 Qd7 14. Re1 Nb6 15. Qd1 O-O 16. Na4 Nd5 17. Nc5 Bxc5 18. dxc5 Qe7 19. Qd4 Qf6 20. Qxf6 Nxf6 21. Bf4 Nd5 22. Bd6 Rfd8 23. Re4 Rd7 24. Kf1 Rb7 25. b3 a5 26. Rc4 Rb4 27. Rxb4 axb4 28. Be5 f6 29. Bb2 Kf7 30. a3 bxa3 31. Rxa3 Rb8 32. g3 Rb5 33. Ke2 Rxc5 34. Bd4 Rb5 35. Kd3 e5 36. Be3 Nxe3 37. Kxe3 f5 38. Kd2 Rb7 39. Ra6 Rd7+ 40. Ke3 Rd6 41. Ra7+ Kf6 42. Ra6 g5 43. b4 Ke6 44. Ra7 h6 45. Rb7 Kd5 46. b5 c5 47. Ra7 c4 48. Ra6 Kc5 49. Rxd6 Kxd6 50. f4 gxf4+ 51. gxf4 exf4+ 52. Kd4 f3 0-1

[Event "Gatineau op U2000"]
[Site "Gatineau CAN"]
[Date "2025.04.12"]
[Round "3.38"]
[White "Girouard, Michel"]
[Black "Rauch, Damian"]
[Result "1-0"]
[WhiteElo "1809"]
[BlackElo "1577"]
[WhiteFideId "-1"]
[WhiteFideId "-1"]
[PlyCount "58"]
[GameId "2172345471423888"]
[EventDate "2025.04.11"]
[EventType "swiss"]
[EventRounds "5"]
[EventCountry "CAN"]

1. d4 Nf6 2. Bf4 d5 3. e3 e6 4. Nd2 c5 5. c3 Nc6 6. Ngf3 cxd4 7. exd4 Bd6 8. Bg3 O-O 9. Bd3 Re8 10. Ne5 Qc7 11. f4 g6 12. O-O Nh5 13. Qf3 Nxg3 14. Qxg3 f5 15. Ndf3 Bxe5 16. Nxe5 Nxe5 17. fxe5 Qg7 18. h4 Bd7 19. Rf3 h6 20. Qf2 g5 21. hxg5 hxg5 22. Rh3 a5 23. g4 Rf8 24. Qd2 Bc6 25. Rf1 Qg6 26. gxf5 exf5 27. Rg3 Kh8 28. Qh2+ Kg7 29. Qg2 Qh6 1-0

[Event "Gatineau op U2000"]
[Site "Gatineau CAN"]
[Date "2025.04.12"]
[Round "3.39"]
[White "Mothupi, Tebatso Ephraim"]
[Black "Thibault, Mario"]
[Result "1-0"]
[WhiteElo "1765"]
[BlackElo "1604"]
[WhiteFideId "-1"]
[WhiteFideId "-1"]
[PlyCount "47"]
[GameId "2172345471423889"]
[EventDate "2025.04.11"]
[EventType "swiss"]
[EventRounds "5"]
[EventCountry "CAN"]

1. d4 d6 2. Nf3 Nf6 3. c4 c6 4. Nc3 Nbd7 5. e4 e5 6. Bg5 Be7 7. c5 Qc7 8. cxd6 Bxd6 9. dxe5 Bxe5 10. Nxe5 Qxe5 11. f4 Qc5 12. e5 Qe3+ 13. Qe2 Qxe2+ 14. Bxe2 Nd5 15. Nxd5 cxd5 16. O-O-O Nb6 17. g4 Bd7 18. Bf3 h6 19. Bh4 h5 20. h3 hxg4 21. hxg4 Bc6 22. b3 Rc8 23. Kb2 Kd7 24. a4 1-0

[Event "Gatineau op U2000"]
[Site "Gatineau CAN"]
[Date "2025.04.12"]
[Round "3.41"]
[White "Courtemanche, Marc"]
[Black "Chenier, Raphael"]
[Result "0-1"]
[WhiteElo "1840"]
[BlackElo "1701"]
[WhiteFideId "-1"]
[WhiteFideId "-1"]
[PlyCount "128"]
[GameId "2172345471423890"]
[EventDate "2025.04.11"]
[EventType "swiss"]
[EventRounds "5"]
[EventCountry "CAN"]

1. c4 Nf6 2. Nc3 e5 3. g3 d5 4. cxd5 Nxd5 5. Bg2 Ne7 6. Nf3 Nbc6 7. O-O g6 8. d3 Bg7 9. Rb1 O-O 10. b4 h6 11. a4 a6 12. b5 Nd4 13. Nxd4 exd4 14. Ne4 Nd5 15. Qc2 b6 16. Bb2 axb5 17. axb5 Ra5 18. Nd2 Rxb5 19. Ba3 Rxb1 20. Rxb1 Re8 21. Bf3 Nc3 22. Re1 c5 23. e4 Qc7 24. Bg2 g5 25. Bc1 b5 26. Nf1 g4 27. Bf4 Qb6 28. Nd2 Be6 29. e5 b4 30. Nc4 Bxc4 31. dxc4 b3 32. Qb2 Qb4 33. Bf1 Ra8 34. Ra1 Rxa1 35. Qxa1 Na4 36. Bd3 b2 37. Qd1 Nc3 38. Qxg4 b1=Q+ 39. Bxb1 Qxb1+ 40. Kg2 Qe4+ 41. f3 Qg6 42. Qd7 Qe6 43. Qd8+ Kh7 44. Qc7 Qxc4 45. h4 Qe2+ 46. Kh3 Nd5 47. Qxf7 Nxf4+ 48. gxf4 Qxf3+ 49. Kh2 Qe2+ 50. Kh3 Qd3+ 51. Kh2 Qc2+ 52. Kh3 Qc3+ 53. Kg4 Qd3 54. h5 Qe2+ 55. Kg3 Qe3+ 56. Kg4 Qg1+ 57. Kh4 Qh1+ 58. Kg3 Qa8 59. f5 Qf8 60. Qg6+ Kh8 61. Kf4 d3 62. Ke4 d2 63. Qg1 Qd8 64. f6 Qd4+ 0-1

[Event "Gatineau op U2000"]
[Site "Gatineau CAN"]
[Date "2025.04.12"]
[Round "3.42"]
[White "Song, Jiacai"]
[Black "Echavarria-Hidalgo, Fernando"]
[Result "1/2-1/2"]
[WhiteElo "1662"]
[BlackElo "1780"]
[WhiteFideId "-1"]
[WhiteFideId "-1"]
[PlyCount "106"]
[GameId "2172345471423891"]
[EventDate "2025.04.11"]
[EventType "swiss"]
[EventRounds "5"]
[EventCountry "CAN"]

1. d4 Nf6 2. c4 e6 3. Nf3 Bb4+ 4. Bd2 Bxd2+ 5. Nbxd2 O-O 6. e3 d6 7. Bd3 Re8 8. Qc2 Nbd7 9. O-O e5 10. Rfe1 h6 11. b4 Nf8 12. d5 Bg4 13. e4 Ng6 14. h3 Bd7 15. c5 Nf4 16. Bf1 Nh7 17. Nc4 Bc8 18. Kh2 b6 19. c6 Ng5 20. Ncd2 Qf6 21. Qc3 a5 22. a3 Qg6 23. Nxg5 Qxg5 24. Nb3 a4 25. Nc1 Ba6 26. Qg3 Qxg3+ 27. Kxg3 Bxf1 28. Rxf1 b5 29. f3 Rf8 30. Kh2 f5 31. g3 Ng6 32. Ne2 fxe4 33. fxe4 Rf7 34. Rxf7 Kxf7 35. Rf1+ Ke7 36. Nc3 Rb8 37. h4 Nf8 38. h5 Nh7 39. Kh3 Nf6 40. Kh4 Ke8 41. g4 Nh7 42. Rf5 Ke7 43. Ne2 Ng5 44. Nc3 Nf7 45. Kg3 Ng5 46. Kf2 Nh3+ 47. Ke3 Ng5 48. Ne2 Nf7 49. Ng3 Ng5 50. Rf1 Rg8 51. Nf5+ Ke8 52. Nh4 Ke7 53. Ng6+ Ke8 1/2-1/2

[Event "Gatineau op U2000"]
[Site "Gatineau CAN"]
[Date "2025.04.12"]
[Round "3.43"]
[White "Beardall, Ben"]
[Black "Ishii, Subaru"]
[Result "1-0"]
[WhiteElo "1725"]
[BlackElo "1319"]
[WhiteFideId "-1"]
[WhiteFideId "-1"]
[PlyCount "25"]
[GameId "2172345471423892"]
[EventDate "2025.04.11"]
[EventType "swiss"]
[EventRounds "5"]
[EventCountry "CAN"]

1. e4 e5 2. Nf3 Nc6 3. Bc4 Bc5 4. b4 Bxb4 5. c3 Ba5 6. d4 d6 7. Qb3 Qe7 8. d5 Bxc3+ 9. Nxc3 Nb8 10. O-O Nd7 11. Ba3 g5 12. Nb5 Nb6 13. Nxe5 1-0

[Event "Gatineau op U2000"]
[Site "Gatineau CAN"]
[Date "2025.04.12"]
[Round "3.44"]
[White "Tan, Shuwen"]
[Black "Giroux, Robert"]
[Result "1-0"]
[WhiteElo "1699"]
[BlackElo "1826"]
[WhiteFideId "-1"]
[WhiteFideId "-1"]
[PlyCount "91"]
[GameId "2172345471436181"]
[EventDate "2025.04.11"]
[EventType "swiss"]
[EventRounds "5"]
[EventCountry "CAN"]

1. Nf3 Nf6 2. g3 g6 3. Bg2 Bg7 4. O-O O-O 5. d4 d6 6. c4 c6 7. Nc3 Bf5 8. b3 Ne4 9. Bb2 Nxc3 10. Bxc3 Be4 11. Rc1 d5 12. Nd2 Bxg2 13. Kxg2 dxc4 14. Nxc4 Nd7 15. Qc2 Nb6 16. Rcd1 Qc7 17. e4 Nxc4 18. bxc4 e5 19. dxe5 Bxe5 20. Bxe5 Qxe5 21. f4 Qc5 22. f5 Qe5 23. Rf4 g5 24. Rf3 f6 25. Qe2 Rfe8 26. Re3 Rad8 27. h4 gxh4 28. gxh4 Kh8 29. Rxd8 Rxd8 30. Rg3 Rd4 31. Kf3 Qd6 32. Qg2 Rd3+ 33. Kg4 Rxg3+ 34. Qxg3 Qxg3+ 35. Kxg3 b5 36. c5 a5 37. Kf4 b4 38. e5 fxe5+ 39. Kxe5 a4 40. Ke6 b3 41. axb3 axb3 42. f6 b2 43. f7 Kg7 44. Ke7 b1=Q 45. f8=Q+ Kg6 46. Qf6+ 1-0

[Event "Gatineau op U2000"]
[Site "Gatineau CAN"]
[Date "2025.04.12"]
[Round "3.45"]
[White "Mahdjoubi, Abdelaziz"]
[Black "Aravinthan, Adhvik"]
[Result "1-0"]
[WhiteElo "1821"]
[BlackElo "1599"]
[WhiteFideId "-1"]
[WhiteFideId "-1"]
[PlyCount "153"]
[GameId "2172345471436182"]
[EventDate "2025.04.11"]
[EventType "swiss"]
[EventRounds "5"]
[EventCountry "CAN"]

1. d4 d5 2. Nf3 Nf6 3. Bf4 Bf5 4. e3 e6 5. Nc3 Nc6 6. Ne5 Nxe5 7. dxe5 Ne4 8. Nxe4 Bxe4 9. f3 Bg6 10. h4 h5 11. Bd3 Bxd3 12. Qxd3 c6 13. O-O-O Qb6 14. Bg5 Qb5 15. Qxb5 cxb5 16. Rhe1 Be7 17. e4 Bxg5+ 18. hxg5 O-O-O 19. exd5 Rxd5 20. Rxd5 exd5 21. e6 fxe6 22. Rxe6 Rd8 23. Kd2 Kc7 24. Kd3 Rd6 25. Re8 Kd7 26. Rb8 Rg6 27. f4 Rb6 28. Kd4 Kc6 29. Rf8 g6 30. Rf6+ Kc7 31. Rxb6 axb6 32. Kxd5 Kd7 33. g3 Ke7 34. Ke5 Kf7 35. Kd6 b4 36. b3 b5 37. Kd7 b6 38. Kd6 Kf8 39. Ke6 Kg7 40. Ke7 Kg8 41. Kf6 Kh7 42. Kf7 Kh8 43. Kxg6 Kg8 44. Kxh5 Kg7 45. f5 Kf7 46. Kg4 Kg7 47. Kf4 Kf7 48. Ke5 Kg7 49. Kd6 Kf7 50. Kc6 Ke7 51. Kxb6 Kd6 52. g6 Ke7 53. Kxb5 Kf6 54. g4 Kg7 55. Kxb4 Kf6 56. a4 Kg7 57. a5 Kf6 58. a6 Kg7 59. a7 Kf6 60. c4 Kg7 61. g5 Kf8 62. Kc5 Kg8 63. f6 Kf8 64. Kd6 Ke8 65. c5 Kd8 66. c6 Ke8 67. b4 Kd8 68. b5 Kc8 69. b6 Kd8 70. a8=N Ke8 71. b7 Kd8 72. c7+ Ke8 73. b8=N Kf8 74. c8=N Ke8 75. Nd7 Kd8 76. g7 Ke8 77. g8=Q# 1-0

[Event "Gatineau op U2000"]
[Site "Gatineau CAN"]
[Date "2025.04.12"]
[Round "3.46"]
[White "Wen, Justin"]
[Black "Zhu, Edison"]
[Result "1-0"]
[WhiteElo "1596"]
[BlackElo "1754"]
[WhiteFideId "-1"]
[WhiteFideId "-1"]
[PlyCount "83"]
[GameId "2172345471436183"]
[EventDate "2025.04.11"]
[EventType "swiss"]
[EventRounds "5"]
[EventCountry "CAN"]

1. d4 Nf6 2. Nc3 d5 3. Bf4 e6 4. Nb5 Bd6 5. Nxd6+ cxd6 6. Nf3 Nc6 7. e3 O-O 8. c3 Re8 9. Bb5 Qc7 10. O-O h6 11. h3 Bd7 12. Qa4 e5 13. Bh2 a6 14. Bxc6 Bxc6 15. Qd1 Rad8 16. a4 Ne4 17. Nh4 Qe7 18. Nf5 Qg5 19. g4 Bd7 20. h4 Qg6 21. h5 Qf6 22. f3 Ng5 23. f4 exf4 24. Bxf4 Bxf5 25. Bxg5 Qxg5 26. Rxf5 Qxe3+ 27. Kg2 Re4 28. Qf3 Qd2+ 29. Kg1 Rde8 30. Qg3 Re2 31. Raf1 R8e3 32. R5f3 Re7 33. a5 Qxb2 34. g5 hxg5 35. Qxg5 Rh2 36. Qg4 Ree2 37. Rg3 g6 38. hxg6 f6 39. Qc8+ Kg7 40. Qd7+ Kh8 41. g7+ Kg8 42. Qd8+ 1-0

[Event "Gatineau op U2000"]
[Site "Gatineau CAN"]
[Date "2025.04.12"]
[Round "3.47"]
[White "Scantland, Patrick"]
[Black "Liu, Zipei"]
[Result "0-1"]
[WhiteElo "1726"]
[BlackElo "1458"]
[WhiteFideId "-1"]
[WhiteFideId "-1"]
[PlyCount "22"]
[GameId "2172345471436184"]
[EventDate "2025.04.11"]
[EventType "swiss"]
[EventRounds "5"]
[EventCountry "CAN"]

1. d4 Nf6 2. Nf3 e6 3. c4 d5 4. Nc3 c5 5. Bg5 Be7 6. e3 Nc6 7. a3 b6 8. Be2 Bb7 9. O-O O-O 10. Rc1 dxc4 11. Bxc4 Nd5 {illisible} 0-1

[Event "Gatineau op U2000"]
[Site "Gatineau CAN"]
[Date "2025.04.13"]
[Round "4.23"]
[White "Arsenault, Michel"]
[Black "Sun, Jonathan"]
[Result "0-1"]
[WhiteElo "1922"]
[BlackElo "1687"]
[WhiteFideId "-1"]
[WhiteFideId "-1"]
[PlyCount "52"]
[GameId "2172345471436185"]
[EventDate "2025.04.11"]
[EventType "swiss"]
[EventRounds "5"]
[EventCountry "CAN"]

1. c4 e5 2. g3 c6 3. Nf3 e4 4. Nd4 Nf6 5. Bg2 d5 6. cxd5 cxd5 7. Nc3 Nc6 8. Nxc6 bxc6 9. d3 exd3 10. Qxd3 Be7 11. O-O O-O 12. Be3 Be6 13. Na4 Qa5 14. Qc2 c5 15. Bd2 Qb5 16. Nc3 Qd7 17. Rfd1 Rac8 18. Bg5 d4 19. Bxf6 Bxf6 20. Ne4 Be7 21. Qd2 h6 22. b3 f5 23. Nc3 Rcd8 24. Na4 f4 25. Rac1 fxg3 26. hxg3 c4 0-1